| 000 | 00780nam a2200217 a 4500 | ||
|---|---|---|---|
| 001 | 000045991 | ||
| 003 | DO-SdBNP | ||
| 005 | 20210903102421.0 | ||
| 008 | 150605s2015 dr ac 000 0 spa d | ||
| 020 | _a9789945594089 | ||
| 040 |
_aDO-SdBNP _bspa _cBNPHU |
||
| 082 |
_axxxx _bxxxx |
||
| 100 | 1 |
_aGómez, Arelis _973395 |
|
| 245 | 1 | 0 |
_aPrograma centro de recursos multimodales para el aprendizaje (CREM) / _cArelis Gómez e Isabel Vargas. |
| 260 |
_aSanto Domingo : _bCEED _bCREM _bINTEC, _c2015. |
||
| 300 |
_a47 p. : _bil., retrs. ; _c28 cm. |
||
| 504 | _aBibliografía : p. 45-47 | ||
| 700 | 1 | 2 |
_aVargas, Isabel _973396 |
| 710 | 2 | 2 |
_aCentro de Estudios Educativos del Instituto Tecnológico de Santo Domingo (CEED-INTEC-INTEC), República Dominicana _974060 |
| 942 |
_2ddc _cLBS1 |
||
| 999 |
_c45480 _d45480 |
||